<?xml version="1.0" encoding="UTF-8"?>
<record
    xmlns:xsi="http://www.w3.org/2001/XMLSchema-instance"
    xsi:schemaLocation="http://www.loc.gov/MARC21/slim http://www.loc.gov/standards/marcxml/schema/MARC21slim.xsd"
    xmlns="http://www.loc.gov/MARC21/slim">

  <leader>01728cam a2200385I  4500</leader>
  <controlfield tag="001">8069</controlfield>
  <controlfield tag="003">BD-RjUL</controlfield>
  <controlfield tag="005">20211208234523.0</controlfield>
  <controlfield tag="008">050922s2004    vau     sb    000 0 eng d</controlfield>
  <datafield tag="035" ind1=" " ind2=" ">
    <subfield code="a">(OCoLC)ocm54541804</subfield>
  </datafield>
  <datafield tag="035" ind1=" " ind2=" ">
    <subfield code="a">(NNC)5434249</subfield>
  </datafield>
  <datafield tag="040" ind1=" " ind2=" ">
    <subfield code="a">CUY</subfield>
    <subfield code="c">CUY</subfield>
    <subfield code="d">OCLCQ</subfield>
    <subfield code="d">NNC</subfield>
    <subfield code="b">eng</subfield>
  </datafield>
  <datafield tag="041" ind1=" " ind2=" ">
    <subfield code="a">eng</subfield>
  </datafield>
  <datafield tag="082" ind1=" " ind2=" ">
    <subfield code="a">398</subfield>
    <subfield code="b">THM 1958</subfield>
  </datafield>
  <datafield tag="100" ind1="1" ind2=" ">
    <subfield code="a">Thompson, Stith,</subfield>
    <subfield code="d">1885-1976.</subfield>
    <subfield code="9">25161</subfield>
  </datafield>
  <datafield tag="245" ind1="1" ind2="0">
    <subfield code="a">Motif-index of folk literature /</subfield>
    <subfield code="p">VOLUME SIX  INDEX</subfield>
  </datafield>
  <datafield tag="260" ind1=" " ind2=" ">
    <subfield code="a">Charlottesville, Va. :</subfield>
    <subfield code="b">InteLex Corp.,</subfield>
    <subfield code="c">1958.</subfield>
  </datafield>
  <datafield tag="300" ind1=" " ind2=" ">
    <subfield code="a">891 p.:</subfield>
    <subfield code="b">;</subfield>
    <subfield code="c">26 cm.</subfield>
  </datafield>
  <datafield tag="490" ind1="1" ind2=" ">
    <subfield code="a">InteLex Past Masters</subfield>
  </datafield>
  <datafield tag="500" ind1=" " ind2=" ">
    <subfield code="a">Title from home page (viewed Mar. 5, 2004).</subfield>
  </datafield>
  <datafield tag="506" ind1=" " ind2=" ">
    <subfield code="a">This resource is available only to current faculty, staff and students of Columbia University.</subfield>
    <subfield code="5">NNC</subfield>
  </datafield>
  <datafield tag="520" ind1=" " ind2=" ">
    <subfield code="a">"This database is an electronic edition of the Motif-Index of Folk-Literature, revised and enlarged by Stith Thompson, (Bloomington: Indiana University Press, 1955)"--Pref.</subfield>
  </datafield>
  <datafield tag="534" ind1=" " ind2=" ">
    <subfield code="p">Based on:</subfield>
    <subfield code="t">Motif-index of folk-literature: a classification of narrative elements in folktales, ballads, myths, fables, mediaeval romances, exempla, fabliaux, jest-books, and local legends.</subfield>
    <subfield code="c">Bloomington, Ind. : Indiana University Press, [1955-58].</subfield>
  </datafield>
  <datafield tag="650" ind1=" " ind2="0">
    <subfield code="a">Folklore</subfield>
    <subfield code="x">Classification.</subfield>
    <subfield code="9">25162</subfield>
  </datafield>
  <datafield tag="650" ind1=" " ind2="0">
    <subfield code="a">Folk literature</subfield>
    <subfield code="v">Classification.</subfield>
    <subfield code="9">25163</subfield>
  </datafield>
  <datafield tag="650" ind1=" " ind2="0">
    <subfield code="a">Folk literature</subfield>
    <subfield code="x">Themes, motives.</subfield>
    <subfield code="9">25164</subfield>
  </datafield>
  <datafield tag="650" ind1=" " ind2="0">
    <subfield code="a">Folk literature</subfield>
    <subfield code="v">Bibliography.</subfield>
    <subfield code="9">25165</subfield>
  </datafield>
  <datafield tag="655" ind1=" " ind2="0">
    <subfield code="a">Electronic reference sources.</subfield>
    <subfield code="9">133018</subfield>
  </datafield>
  <datafield tag="710" ind1="2" ind2=" ">
    <subfield code="a">InteLex Corporation.</subfield>
    <subfield code="9">25167</subfield>
  </datafield>
  <datafield tag="830" ind1=" " ind2="0">
    <subfield code="a">Past masters (InteLex Corporation)</subfield>
    <subfield code="9">133019</subfield>
  </datafield>
  <datafield tag="856" ind1="4" ind2="0">
    <subfield code="u">http://www.columbia.edu/cgi-bin/cul/resolve?clio5434249</subfield>
  </datafield>
  <datafield tag="942" ind1=" " ind2=" ">
    <subfield code="2">ddc</subfield>
    <subfield code="c">BK</subfield>
  </datafield>
  <datafield tag="967" ind1=" " ind2=" ">
    <subfield code="a">1186</subfield>
  </datafield>
  <datafield tag="999" ind1=" " ind2=" ">
    <subfield code="c">8069</subfield>
    <subfield code="d">8069</subfield>
  </datafield>
  <datafield tag="952" ind1=" " ind2=" ">
    <subfield code="0">0</subfield>
    <subfield code="1">0</subfield>
    <subfield code="2">ddc</subfield>
    <subfield code="3">V-6</subfield>
    <subfield code="4">0</subfield>
    <subfield code="7">0</subfield>
    <subfield code="8">NFIC</subfield>
    <subfield code="a">RUCL</subfield>
    <subfield code="b">RUCL</subfield>
    <subfield code="c">stack</subfield>
    <subfield code="d">1964-06-01</subfield>
    <subfield code="e">Zeitlinger</subfield>
    <subfield code="g">108.00</subfield>
    <subfield code="l">1</subfield>
    <subfield code="o">398 THM 1958</subfield>
    <subfield code="r">2024-03-04 00:00:00</subfield>
    <subfield code="s">2023-11-09</subfield>
    <subfield code="t">C-6</subfield>
    <subfield code="w">2014-01-16</subfield>
    <subfield code="y">BK</subfield>
  </datafield>
</record>
